Central Library OPAC University of Rajshahi

জিব্‌রাইলের ডানা / (Record no. 64792)

MARC details
000 -LEADER
fixed length control field 00723nam a2200217 a 4500
001 - CONTROL NUMBER
control field 64792
003 - CONTROL NUMBER IDENTIFIER
rucl marc code BD-RjUL
005 - DATE AND TIME OF LATEST TRANSACTION
control field 20211209081342.0
008 - FIXED-LENGTH DATA ELEMENTS--GENERAL INFORMATION
fixed length control field 170222s1953 bg |||| |||| 000 0 ben d
035 ## - SYSTEM CONTROL NUMBER
System control number (BD-RjUL)64922
040 ## - CATALOGING SOURCE
Original cataloging agency BD-RjUL
Language of cataloging ben
Transcribing agency BD-RjUL
Modifying agency BD-RjUL
041 ## - LANGUAGE CODE
Language code of text/sound track or separate title ben
082 04 - DEWEY DECIMAL CLASSIFICATION NUMBER
Classification number 891.443
Author mark and year ALJ 1953
Edition number 23
100 1# - MAIN ENTRY--PERSONAL NAME
Personal name আলী, শাহেদ
9 (RLIN) 530
245 10 - TITLE STATEMENT
Title জিব্‌রাইলের ডানা /
Statement of responsibility, etc. শাহেদ আলী
260 ## - PUBLICATION, DISTRIBUTION, ETC. (IMPRINT)
Place of publication, distribution, etc. ঢাকা :
Name of publisher, distributor, etc. তমদ্দুন প্রেস,
Date of publication, distribution, etc. ১৯৫৩
300 ## - PHYSICAL DESCRIPTION
Pagination ১৬৪ পৃ. ;
Size ২৩ সেমি.
650 ## - SUBJECT ADDED ENTRY--TOPICAL TERM
Topical term or geographic name as entry element বাংলা উপন্যাস
9 (RLIN) 126294
Topical term or geographic name as entry element Bengali fiction
9 (RLIN) 126295
942 ## - ADDED ENTRY ELEMENTS (KOHA)
Source of classification or shelving scheme Dewey Decimal Classification
Koha item type Books
Holdings
Lost status Source of classification or shelving scheme Damaged status Not for loan Collection code Permanent Location Current Location Shelving location Date acquired Source of acquisition Total Checkouts Full call number Date last seen Copy number Koha item type
  Dewey Decimal Classification   Not For Loan Fiction Central Library, University of Rajshahi Central Library, University of Rajshahi Reading Room 27/11/1955 Faruque library   B 891.443 ALJ 1953 22/02/2017 C-1 Books